Η τέχνη από το 1900 : μοντερνισμός, αντιμοντερνισμός, μεταμοντερνισμός

Αποθηκεύτηκε σε:
Λεπτομέρειες βιβλιογραφικής εγγραφής
Άλλοι συγγραφείς: Foster, Hal, Παπανικολάου, Μιλτιάδης Μ., 1947- (Επιμελητής έκδοσης)
Μορφή: Βιβλίο
Γλώσσα:Greek
English
Δημοσίευση: Αθήνα : Επίκεντρο, 2013.
Έκδοση:3η έκδ.
Θέματα:
Ετικέτες: Προσθήκη ετικέτας
Δεν υπάρχουν, Καταχωρήστε ετικέτα πρώτοι!

MARC

LEADER 00000cam a2200000 a 4500
001 1/109357
008 151116s2013####gr | ||| |||||||gre||
020 |a 9789604583492  
040 |a GR-MyUa  |b gre  |c GR-MyUa  |e AACR2 
041 1 |a gre  |h eng 
082 7 |a 709.04   |2 (23)  
245 0 2 |a Η τέχνη από το 1900 :   |b μοντερνισμός, αντιμοντερνισμός, μεταμοντερνισμός /   |c Hal Foster ... [κ. ά.] ; πρόλογος-επιμέλεια Μιλτιάδης Παπανικολάου.  
250 |a 3η έκδ.  
260 |a Αθήνα :   |b Επίκεντρο,   |c 2013.  
300 |a 816 σ. :   |b εικ. ;   |c 28 εκ.  
500 |a Με 744 εικόνες, 510 έγχρωμες.  
504 |a Βιβλιογραφία: σ. 794-800. Ευρετήριο.  
650 0 |a Art, Modern  |y 20th century. 
700 1 |a Foster, Hal. 
700 1 |a Παπανικολάου, Μιλτιάδης Μ.,   |d 1947-  |e edt 
852 |a INST  |b LESVOS  |c EUDOXUS  |e 20151116  |h 709.04 ΤΕΧ  |p 005100057928  |q 005100057928  |t EDX  |y 0 
852 |a INST  |b LESVOS  |c EUDOXUS  |e 20151116  |h 709.04 ΤΕΧ  |p 005100057931  |q 005100057931  |t EDX  |y 0 
852 |a INST  |b SYROS  |e 20171031  |h 709.04 ΤΕΧ  |p 005500013233  |q 005500013233  |t BK  |y 0 
920 |a Ευδοξος  |b Επιστροφή  |y Λέσβος  |z 2015-10 
970 |a Τζαφέρη  |b Ευαγγελία  |z 15/11/2015